00432pab a2200157 454500008004000000100002900040245006300069260000900132300001400141362000800155650002400163650002400187650001600211700002100227773002600248180718b2006 xxu||||| |||| 00| 0 eng d aChattopadhyay, Manabendu aTransformations of tenancy contracts in Indian agriculture c2006 ap.429-38. aDec aAgriculture - India aLand tenure - India aLand tenure aMeogi, Chiranjib aAsian Economic Review